| 000 | 00513nam a2200169 a 4500 | ||
|---|---|---|---|
| 005 | 20140412111315.0 | ||
| 008 | 001208s19uu xx 00 eng d | ||
| 020 | _a0-307-00104-0 | ||
| 050 |
_aER _bPe31 1997 |
||
| 100 | _aCoco, Eugene Bradley | ||
| 245 |
_aPeter Pan / _cadapted by Eugene Bradley Coco ; illustrated by Ron Dias. |
||
| 260 |
_aNew York : _bA Golden Book, _c1997. |
||
| 300 | _a1 v. (unp.) ; ill. | ||
| 440 | _aWalt Disney's Series | ||
| 650 | _aChildren's stories -- Fiction | ||
| 999 |
_c104177 _d104177 |
||